Prognóza ponuky a použitia hlavných agropotravinárskych komodít na slovenskom trhu do roku 2010

Enregistré dans:
Détails bibliographiques
Auteur principal: Tibenská, Helena
Format: Livre
Langue:slovaque
Publié: Bratislava Výskumný ústav ekonomiky poľnohospodárstva a potravinárstva 2005
Collection:Štúdia č. 98/2005
Sujets:
Tags: Ajouter un tag
Pas de tags, Soyez le premier à ajouter un tag!

MARC

LEADER 00000nam$a2200000$$$4500
001 0050458
005 20240223110351.0
020 |a 80-8058-401-X 
041 0 |a slo 
044 |a SK 
245 1 0 |a Prognóza ponuky a použitia hlavných agropotravinárskych komodít na slovenskom trhu do roku 2010  |c Helena Tibenská a kol. 
264 1 |a Bratislava  |b Výskumný ústav ekonomiky poľnohospodárstva a potravinárstva  |c 2005 
300 |a 46 s. 
490 1 |a Štúdia  |v č. 98/2005 
830 0 |a Štúdia  |v č. 98/2005 
610 2 0 |a komodity 
610 2 0 |a agropotravinárstvo 
610 2 0 |a ponuka 
610 2 0 |a prognózy 
610 2 0 |a trh 
610 2 0 |a Slovensko 
100 1 |a Tibenská, Helena